000 00231nam a2200097Ia 4500
008 231212s1936 xx 000 0 und d
041 _aeng
100 _aRamamoorty M.
245 _aThyristors & Their
260 _aDelhi
_bNirali
_c1936
999 _c960455
_d960455